Responses for show #7629 - Thursday, November 9, 2017

2017 Tournament of Champions quarterfinal game 4.

Contestants

Sam Deutsch, a business consultant from Calabasas, California

Lisa Schlitt, a microbiologist from Berwyn, Pennsylvania

Seth Wilson, a Ph.D. candidate and adjunct professor from Nacogdoches, Texas

Jeopardy! Round responses

BODIES OF WATER
WORDS WITH ENEMIES
TOP BABY NAMES IN BRITAIN
"N" TITLED TO LITERATURE
ITALIAN FOOD
MANGA
    $200 24
the Strait of Gibraltar

Lisa
    $200 29
arch-

Seth
    $200 28
Finn

Sam
    $200 1
Northanger Abbey

Lisa
    $200 10
minestrone

Seth
    $200 30
Sailor Moon

Seth
    $400 17
Lake Winnipeg

Lisa
    $400 13
an antagonist

Lisa
    $400 21
(Alex: Yes, but without the "prince".)
(Lisa: Okay.)
(Alex: People usually don't name their sons...)

Prince William and Prince Harry

Lisa
    $400 2
Nicholas Nickleby

Sam
    $400 9
prosciutto

Triple Stumper
    $400 4
Astro Boy

Lisa
    $600 14
the Tiber

Sam
    $600 6
Bane

Sam
    $600 22
Isla

Seth
    $600 18
No Exit

Lisa
    $600 3
bolognese

Lisa
    $600 5
Speed Racer

Seth
    $800 15
the Bay of Bengal

Sam
    $800 11
bĂȘte noire

Seth
    $800 23
Florence

Lisa
    $3,400 20
The Natural

Lisa
    $800 7
(Alex: Take the [*], leave the gun.)

cannoli

Sam
    $800 19
Attack on Titan

Lisa
    $1000 16
the Orange River

Triple Stumper
    $1000 12
Nemesis

Seth
    $1000 27
Muhammad

Lisa
    $1000 26
Night of the Iguana

Seth
    $1000 8
focaccia

Sam
    $1000 25
Lone Wolf

Seth

Scores at the first commercial break (after clue 15):

Seth Lisa Sam
$2,600 $1,600 $4,200

Scores at the end of the Jeopardy! Round:

Seth Lisa Sam
$5,600 $9,200 $4,400

Double Jeopardy! Round responses

SATISFYING ALL YOUR INSURANCE NEEDS
THE SILVER SCREEN
WHERE & WHEN?
MECHANICS
A SHOWER OF SCHOPENHAUER
MAKING WORDS
    $400 21
liability

Seth
    $400 23
Noah

Lisa
    $400 30
England in the 17th century

Lisa
    $400 9
momentum

Lisa
    $400 28
pessimism

Seth
    $400 29
Etna

Seth
    $800 7
the FDIC

Lisa
    $800 22
Blondie

Triple Stumper
    $800 8
March 15th in Rome

Lisa
    $2,000 10
buoyancy

Lisa
    $800 27
free will

Sam
    $800 11
dial

Seth
    $1200 4
term insurance

Triple Stumper
    $1200 1
District 9

Seth
    $1200 12
(Seth: What is Friday, Oahu?)

Oahu, Sunday

Seth
Triple Stumper
    $1200 24
torque

Lisa
    $1200 5
Frankfurt

Sam
    $1200 17
omit

Lisa
    $1600 6
a completion bond

Triple Stumper
    $1600 2
(Ennio) Morricone

Seth
    $2,500 13
(Seth: What is Delaware, 1788?)

Delaware, 1787

Seth
    $1600 25
a reference frame

Triple Stumper
    $1600 15
(Immanuel) Kant

Seth
    $1600 18
pica

Seth
    $2000 20
an actuary

Sam
    $2000 3
A Place in the Sun

Triple Stumper
    $2000 14
Asia, the first millennium B.C.

Triple Stumper
    $2000 26
a vector

Sam
    $2000 16
(Lisa: What's the Bhagavad Gita?)

the Upanishads

Lisa
Triple Stumper
    $2000 19
bolo

Sam

Scores at the end of the Double Jeopardy! Round:

Seth Lisa Sam
$9,900 $14,400 $12,400

Final Jeopardy! Round responses

THE GREAT DEPRESSION
(Alex: [To Lisa] They had a bumper crop of apples in [*].)
SethWhat was Iowa?
$4,501
SamWhat is Florida
$4,200
LisaWhat is Washington?
$1,000
Washington

Final scores:

Seth Lisa Sam
$5,399 $15,400 $8,200
3rd place Automatic semifinalist 2nd place

Game dynamics:

Coryat scores:

Seth Lisa Sam
$12,400 $10,600 $12,400
17 R,
2 W
(including 1 DD)
20 R
(including 2 DDs),
1 W
12 R,
0 W

Combined Coryat: $35,400

The J! Archive is created by fans, for fans. The Jeopardy! game show and all elements thereof, including but not limited to copyright and trademark thereto, are the property of Jeopardy Productions, Inc. and are protected under law. This website is not affiliated with, sponsored by, or operated by Jeopardy Productions, Inc. Join the discussion at JBoard.tv.